| 000 | 00861nam a22002297a 4500 | ||
|---|---|---|---|
| 005 | 20240530110509.0 | ||
| 008 | 151026s2012 ua a f 000 0 ara d | ||
| 017 |
_a2012/2246 _bمصر . دار الكتب المصرية |
||
| 040 | _aEG-CaGPL | ||
| 082 | 0 | 4 |
_221 _a923.2 _bق/م ر |
| 100 | 0 | _aمحمد حامد . | |
| 245 | 1 | 2 |
_aالرئيس و الاستاذ : _bدراما العلاقات بين الكاتب و السلطان / _cمحمد حامد . |
| 250 | _aط1. | ||
| 260 |
_aالقاهرة : _bمكتبة جزيرة الورد ، _c2012 . |
||
| 300 |
_a368 ص ؛ _c24 سم . |
||
| 600 | 0 | _aمحمد حسنين هيكل . | |
| 600 | 0 | _aمحمد انور السادات . | |
| 650 | 0 | 4 |
_aالسياسيون _vتراجم . |
| 650 | 0 | 4 | _aالسياسيون المصريون . |
| 942 |
_2ddc _cBK |
||
| 999 |
_c61630 _d61630 |
||